000 00450nam a2200145 4500
001 127908
003 ES-MaACL
007 t|
008 070214s1975 sp r ||||1| spa d
100 1 _aRivera de Ventosa, Enrique.
_997647
245 1 0 _aPresupuestos filosóficos de la Teología de la Historia /
_cEnrique Rivera de Ventosa.
260 _aZamora :
_bEd. Monte Casino,
_c1975.
300 _a140 p. ;
_c19 cm.
852 _aES-MaACL
_jE-8656
_bR.92950
999 _c127908
_d127908